Statistics for North America Subdivisions: "New" or Cardinal Directions (map quiz)

Click here to take the quiz!

General Stats

  • This quiz has been taken 51 times
  • The average score is 14 of 16

Answers on the Map

Answers color-coded by a green-red scale on the quiz's map according to % correct below.
 

Answer Stats

State/Province/Territory% Correct
New Mexico
100%
New York
98%
North Carolina
98%
North Dakota
98%
South Carolina
98%
South Dakota
98%
Newfoundland and Labrador
95%
New Hampshire
95%
New Jersey
95%
West Virginia
95%
New Brunswick
91%
Nova Scotia
91%
Northwest Territories
82%
Baja California Sur
66%
Nuevo León
64%
Northern Mariana Islands
45%

Score Distribution

Percentile by Number Answered

Percent of People with Each Score

Your Score History

You have not taken this quiz